000 01519nam a2200265Ia 4500
999 _c52851
_d52851
001 19881
003 GE_BSU
005 20200423230406.0
008 181216s1980||||ge |||||||||||||| ||geo||
040 _cGE_BSU
041 _ageo
080 _a811.353.1'367.625 ჯ-71
100 _aჯორბენაძე, ბესარიონ
_91214
245 _aქართული ზმნის ფორმობრივი და ფუნქციური ანალიზის პრინციპები /
_cბესარიონ ჯორბენაძე ; რედ. : შ. ძიძიგური, დ. გეწაძე.
264 _aთბილისი :
_bთბილ. უნ-ტის გამ-ბა,
_c1980.
300 _a408 გვ. ;
_c22 სმ.
504 _aლიტ. სია : გვ.394 - 407(317 დასახ.)
653 _aზმნა ქართულ ენაში
653 _aქართული ენა
653 _aქართული ზმნის ფორმობრივი და ფუნქციური ანალიზის პრინციპები
700 _aძიძიგური, შ.
_eრედაქტორი
_92258
700 _aგეწაძე, დ.
_eრედაქტორი
_97942
710 _aთბილისის სახელმწიფო უნივერსიტეტი
_bახალი ქართული ენის კათედრა
_97972
942 _cBK
_2udc